Statistics for Countries with most Manufacturing Output

Click here to take the quiz!

General Stats

  • This quiz has been taken 44 times
  • The average score is 18 of 20

Answer Stats

Output Answer % Correct
3.7 MillionChina
100%
283 ThousandUnited Kingdom
100%
788 ThousandGermany
100%
2.1 MillionUnited States
100%
322 ThousandIndia
100%
297 ThousandItaly
100%
284 ThousandFrance
100%
217 ThousandMexico
97%
219 ThousandBrazil
97%
390 ThousandSouth Korea
97%
851 ThousandJapan
97%
167 ThousandSpain
95%
162 ThousandCanada
95%
187 ThousandIndonesia
92%
93 ThousandAustralia
92%
248 ThousandRussia
89%
126 ThousandTurkey
84%
112 ThousandThailand
76%
96 ThousandNetherlands
76%
129 ThousandSwitzerland
51%

Score Distribution

Percentile by Number Answered

Percent of People with Each Score

Your Score History

You have not taken this quiz